[Event "East Lansing (MOR/3/15)"]
[Site "?"]
[Date "1995.??.??"]
[Round "?"]
[White "Marson, Michael"]
[Black "Sattler, Peter"]
[Result "1-0"]
[WhiteElo "1605"]
[BlackElo "1775"]
[PlyCount "137"]
[EventDate "1995.??.??"]

{3/(15)} 1. d4 d5 2. c4 e6 3. Nc3 Nf6 4. Nf3 Nc6 5. Bg5 Be7 6. e3 O-O 7. Rc1 a6
8. Bd3 h6 9. Bh4 dxc4 10. Bxc4 b5 11. Bd3 Bb7 12. O-O Nd5 13. Bxe7 Ndxe7 14. a3
Rc8 15. Ne4 Nb8 16. Nc5 Ba8 17. Qe2 c6 18. b4 Nd5 19. Qd2 Nc7 20. Rc2 Nd7 21.
Rfc1 Nxc5 22. Rxc5 f6 23. e4 Qd7 24. Bb1 Rfd8 25. Ba2 Kf8 26. Qf4 Bb7 27. h3
Qf7 28. e5 Nd5 29. Bxd5 cxd5 30. exf6 Qxf6 31. Qe5 Qxe5 32. Nxe5 Rxc5 33. Rxc5
Rc8 34. f4 Ke7 35. Kf2 Kf6 36. Rxc8 Bxc8 37. Kf3 Ke7 38. g4 Bd7 39. Nd3 Kf6 40.
Nc5 Bc8 41. Nd3 g5 42. Kg3 Bd7 43. fxg5+ hxg5 44. Nc5 Bc8 45. Nd3 Bd7 46. h4
gxh4+ 47. Kxh4 Be8 48. Ne5 Bg6 49. Nd7+ Ke7 50. Nc5 Kf6 51. Kg3 Be8 52. Kf4 Ke7
53. g5 Bh5 54. Nd3 Kd6 55. Ne5 Ke7 56. Nc6+ Kd6 57. Nb8 e5+ 58. dxe5+ Ke6 59.
Nc6 Bg6 60. Nd4+ Kd7 61. Ke3 Be4 62. Ne2 Ke6 63. Kd4 Kf5 64. Nc3 Kxg5 65. Nxe4+
dxe4 66. Kxe4 Kg6 67. Kd5 Kf7 68. Kc6 Ke6 69. Kb6 1-0

[Event "Eastpointe (MCO/3/30)"]
[Site "?"]
[Date "1995.??.??"]
[Round "?"]
[White "Marson, Michael"]
[Black "Neshewat, Michael"]
[Result "0-1"]
[WhiteElo "1605"]
[BlackElo "1875"]
[PlyCount "50"]
[EventDate "1995.??.??"]

{3/(30)} 1. f4 d5 2. b3 Bf5 3. Bb2 e6 4. Nf3 Nf6 5. e3 Be7 6. Be2 O-O 7. O-O
Nfd7 8. Nc3 c5 9. Bd3 Bxd3 10. cxd3 Nc6 11. Ne2 b5 12. Ng3 Bf6 13. Bxf6 Qxf6
14. Nh5 Qf5 15. Nh4 Qxd3 16. Qg4 g6 17. Rf3 Qxd2 18. Qg5 Qb2 19. Raf1 Kh8 20.
Ng3 Qg7 21. f5 h6 22. f6 Qh7 23. Nxg6+ fxg6 24. Qf4 Nce5 25. b4 g5 0-1

[Event "Troy (TCC Res/2/17)"]
[Site "?"]
[Date "1995.??.??"]
[Round "?"]
[White "Marson, Michael"]
[Black "Miller, J."]
[Result "0-1"]
[WhiteElo "1605"]
[BlackElo "1605"]
[PlyCount "94"]
[EventDate "1995.??.??"]

{2/(17)} 1. d4 d5 2. Nf3 e6 3. e3 Bd6 4. Bd3 Nd7 5. Nbd2 f5 6. c4 c6 7. O-O b6
8. h4 Ngf6 9. Ng5 Qe7 10. Ndf3 Ne4 11. Bd2 Ndf6 12. cxd5 cxd5 13. Ne5 Bxe5 14.
dxe5 Nd7 15. Bxe4 fxe4 16. f4 Ba6 17. Rf2 O-O 18. Qg4 Rae8 19. Rc1 Nc5 20. Bb4
h6 21. Nh3 Rc8 22. Rfc2 Bd3 23. Rc3 Bb5 24. Ba3 Bd7 25. Nf2 Qf7 26. Bxc5 bxc5
27. Rxc5 Rxc5 28. Rxc5 Qe7 29. b4 a5 30. Rxa5 Qxb4 31. Ra7 Rd8 32. Rxd7 Rxd7
33. Qxe6+ Rf7 34. Ng4 Qe1+ 35. Kh2 Qxh4+ 36. Kg1 h5 37. Qe8+ Rf8 38. Qe6+ Kh8
39. Nh2 Qe1+ 40. Nf1 d4 41. Qd6 Rc8 42. exd4 e3 43. Qg6 e2 44. Qxh5+ Kg8 45.
Qf3 Rc6 46. g3 exf1=Q+ 47. Qxf1 Qxg3+ 0-1

[Event "Gaylord (NMO/2/6)"]
[Site "?"]
[Date "1995.??.??"]
[Round "?"]
[White "Marson, Michael"]
[Black "Kulbacki, James"]
[Result "0-1"]
[WhiteElo "1605"]
[BlackElo "1905"]
[PlyCount "76"]
[EventDate "1995.??.??"]

{2/(6)} 1. f4 d5 2. b3 Nf6 3. Bb2 c6 4. e3 Bg4 5. Be2 h5 6. h3 Bxe2 7. Qxe2 Ne4
8. Qf3 e6 9. g3 h4 10. Ne2 hxg3 11. Nbc3 Qh4 12. Qg2 Nf2 13. Rf1 Qxh3 14. Qxh3
Rxh3 15. Nxg3 Nd3+ 16. cxd3 Rxg3 17. Kf2 Rh3 18. Rh1 Rxh1 19. Rxh1 f6 20. Ne2
Na6 21. Nd4 Kf7 22. Ke2 Nc7 23. Rh8 Be7 24. Rxa8 Nxa8 25. f5 Nc7 26. fxe6+ Nxe6
27. Nf5 g6 28. Nxe7 Kxe7 29. Ba3+ Kf7 30. Bd6 Ng7 31. a4 Ke6 32. Bh2 Nf5 33. b4
Nd6 34. Kf3 a6 35. Kg4 Nf7 36. e4 Ne5+ 37. Bxe5 Kxe5 38. exd5 cxd5 0-1

[Event "East Lansing (MOR/5/22)"]
[Site "?"]
[Date "1995.??.??"]
[Round "?"]
[White "Marson, Michael"]
[Black "Key_Smith, G."]
[Result "1-0"]
[WhiteElo "1605"]
[BlackElo "1730"]
[PlyCount "95"]
[EventDate "1995.??.??"]

{5/(22)} 1. d4 Nf6 2. Nf3 g6 3. c4 Bg7 4. Nc3 O-O 5. e4 d6 6. Be2 Nbd7 7. O-O
e5 8. d5 a6 9. a4 Nc5 10. Bg5 h6 11. Bxf6 Qxf6 12. b4 Nd7 13. Ne1 Qg5 14. Bg4
f5 15. Bh3 Nf6 16. exf5 gxf5 17. Qc1 f4 18. Bxc8 Raxc8 19. Ra3 Rf7 20. Nf3 Qg6
21. Qb1 Qh7 22. Qxh7+ Kxh7 23. Re1 Rg8 24. Ne4 Nxe4 25. Rxe4 Bf6 26. g3 Bg5 27.
a5 fxg3 28. hxg3 Rgf8 29. Kg2 Kg6 30. Nxg5 Rxf2+ 31. Kh3 hxg5 32. g4 R8f3+ 33.
Rxf3 Rxf3+ 34. Kg2 Rf4 35. Rxf4 gxf4 36. c5 Kg5 37. c6 bxc6 38. dxc6 d5 39. b5
d4 40. bxa6 d3 41. a7 d2 42. a8=Q d1=Q 43. Qg8+ Kf6 44. Qf8+ Kg5 45. Qf5+ Kh6
46. Qh5+ Kg7 47. Qxe5+ Kg8 48. Qe8+ 1-0

[Event "East Lansing (Class DE/2/10)"]
[Site "?"]
[Date "1995.??.??"]
[Round "?"]
[White "Marson, Michael"]
[Black "Fowler, B."]
[Result "0-1"]
[WhiteElo "1605"]
[BlackElo "1605"]
[PlyCount "42"]
[EventDate "1995.??.??"]

{2/(10)} 1. Nf3 d5 2. d4 c5 3. c3 Nf6 4. e3 Qc7 5. Bd3 Nc6 6. Nbd2 Bg4 7. Qc2
e6 8. Bb5 Bd6 9. e4 e5 10. dxe5 Bxe5 11. Nxe5 Qxe5 12. Bxc6+ bxc6 13. f3 Be6
14. O-O dxe4 15. Nxe4 O-O 16. Nxf6+ Qxf6 17. Be3 Qe7 18. Qe4 Rab8 19. Qxc6 Rxb2
20. Bxc5 Qg5 21. Bxf8 Qxg2# 0-1

[Event "Gaylord (NMO/1/19)"]
[Site "?"]
[Date "1995.??.??"]
[Round "?"]
[White "Marson, Michael"]
[Black "Feguer, Mike"]
[Result "1-0"]
[WhiteElo "1605"]
[BlackElo "1605"]
[PlyCount "43"]
[EventDate "1995.??.??"]

{1/(19)} 1. d4 e6 2. e4 Nf6 3. e5 Nd5 4. c4 Nb6 5. f4 d5 6. c5 Nc4 7. Bxc4 dxc4
8. Qa4+ Nc6 9. Nf3 Qd5 10. Nc3 Qd8 11. Be3 Bd7 12. Qxc4 Be7 13. O-O O-O 14.
Rad1 Re8 15. b4 a6 16. a3 b5 17. Qd3 f6 18. Ne4 Rf8 19. exf6 Bxf6 20. Nxf6+
Qxf6 21. Ng5 h6 22. Qh7# 1-0

[Event "Eastpointe (EDO/2/7)"]
[Site "?"]
[Date "1995.??.??"]
[Round "?"]
[White "Marson, Michael"]
[Black "Collins, Charles"]
[Result "0-1"]
[WhiteElo "1605"]
[BlackElo "1760"]
[PlyCount "56"]
[EventDate "1995.??.??"]

{2/(7)} 1. f4 e5 2. fxe5 d6 3. exd6 Bxd6 4. Nf3 g5 5. d4 g4 6. Ne5 Bxe5 7. dxe5
Qxd1+ 8. Kxd1 Nc6 9. Bf4 Bf5 10. c3 O-O-O+ 11. Nd2 Nge7 12. Ke1 Ng6 13. e3 Rhe8
14. Bb5 Ngxe5 15. Nc4 Nd3+ 16. Ke2 Nxf4+ 17. Kf2 Nd3+ 18. Kg3 h5 19. Bxc6 bxc6
20. Rhf1 Bg6 21. h3 Ne5 22. Na5 Rd2 23. b4 Nd3 24. Nxc6 Rxe3+ 25. Kh4 Rxg2 26.
Nxa7+ Kb7 27. Nb5 gxh3 28. a4 Rg4# 0-1

[Event "Eastpointe (MCO/1/12)"]
[Site "?"]
[Date "1995.??.??"]
[Round "?"]
[White "Marson, Michael"]
[Black "Chehayeb, Sal"]
[Result "1/2-1/2"]
[WhiteElo "1605"]
[BlackElo "2055"]
[PlyCount "101"]
[EventDate "1995.??.??"]

{1/(12)} 1. f4 e5 2. e4 exf4 3. Nf3 d5 4. exd5 Qxd5 5. Nc3 Qe6+ 6. Qe2 Bd6 7.
d4 Nf6 8. Nb5 O-O 9. Qxe6 fxe6 10. Nxd6 cxd6 11. Bxf4 Ne8 12. Bg3 Nc6 13. O-O-O
d5 14. a3 Nf6 15. Bd3 Bd7 16. Ne5 Nxd4 17. Nxd7 Nxd7 18. Bxh7+ Kxh7 19. Rxd4
Nf6 20. Bd6 Rf7 21. Rf1 Kg8 22. Rdf4 Rd7 23. Be5 Ne4 24. c3 Rc8 25. g4 b5 26.
h4 a5 27. Kc2 b4 28. axb4 axb4 29. Rd1 Rb7 30. Ra1 b3+ 31. Kd3 Rf8 32. Rxf8+
Kxf8 33. c4 Nf2+ 34. Kd4 Nxg4 35. Bd6+ Kf7 36. cxd5 exd5 37. Kxd5 Kg6 38. Kc4
Kh5 39. Bb4 Ne3+ 40. Kxb3 Kxh4 41. Rh1+ Kg4 42. Ka4 Nd5 43. Bc3 Nxc3+ 44. bxc3
g5 45. c4 Kf3 46. c5 g4 47. c6 Rb6 48. Rc1 Rb8 49. c7 Rc8 50. Kb5 g3 51. Kb6
1/2-1/2

[Event "Grand Rapids (MI Am/3/26)"]
[Site "?"]
[Date "1995.??.??"]
[Round "?"]
[White "Marson, Michael"]
[Black "Brumley, Ron"]
[Result "1-0"]
[WhiteElo "1605"]
[BlackElo "1605"]
[PlyCount "77"]
[EventDate "1995.??.??"]

{3/(26)} 1. f4 g6 2. Nf3 Bg7 3. e3 d5 4. Nc3 Nf6 5. b3 Ne4 6. Bb2 Bg4 7. h3 Bf5
8. g4 Bd7 9. Bd3 b5 10. Qc1 Nxc3 11. Bxc3 Bxc3 12. dxc3 e6 13. Qb2 O-O 14. h4
Qe7 15. h5 c5 16. c4 bxc4 17. h6 e5 18. bxc4 d4 19. Nxe5 Re8 20. g5 Nc6 21.
exd4 cxd4 22. Kd2 Nxe5 23. fxe5 Qxe5 24. Rae1 Qa5+ 25. c3 Qxg5+ 26. Kc2 Ba4+
27. Kb1 Rxe1+ 28. Rxe1 Qg3 29. Qe2 Rb8+ 30. Ka1 Qh4 31. Bc2 Bc6 32. Qe5 Rb1+
33. Bxb1 Qxh6 34. cxd4 Qd2 35. Qe3 Qa5 36. d5 Bxd5 37. cxd5 Qxd5 38. Qc3 h5 39.
Re8+ 1-0

[Event "Grand Rapids (MI Am/2/12)"]
[Site "?"]
[Date "1995.??.??"]
[Round "?"]
[White "Marson, Michael"]
[Black "Brown, Dan"]
[Result "0-1"]
[WhiteElo "1605"]
[BlackElo "1845"]
[PlyCount "108"]
[EventDate "1995.??.??"]

{2/(12)} 1. f4 b6 2. Nf3 Bb7 3. b3 Nf6 4. Bb2 e6 5. e3 Be7 6. d3 c5 7. Nbd2 Nc6
8. Qe2 d5 9. g3 h6 10. Bg2 Nb4 11. Kd1 Rc8 12. a3 Nc6 13. Ne5 Bd6 14. h4 Bxe5
15. fxe5 Ng8 16. Rf1 Nge7 17. Qf2 O-O 18. h5 Qc7 19. Nf3 c4 20. d4 cxb3 21.
cxb3 Na5 22. Rc1 Qd7 23. Rxc8 Rxc8 24. Nd2 Nec6 25. b4 Nxb4 26. axb4 Qa4+ 27.
Ke1 Qxb4 28. Qxf7+ Kh8 29. Qxe6 Qxb2 30. Bxd5 Rc1+ 31. Ke2 Ba6+ 32. Kf3 Rxf1+
33. Nxf1 Qe2+ 34. Kf4 Qxf1+ 35. Bf3 Bc4 36. Qe8+ Bg8 37. e6 Qc4 38. e7 Qf7+ 39.
Qxf7 Bxf7 40. d5 Nc4 41. e4 g5+ 42. hxg6 Bxg6 43. Be2 Nd6 44. e5 Nf5 45. d6
Nxe7 46. dxe7 Be8 47. Kf5 Kg7 48. e6 b5 49. Ke5 a5 50. Kd4 Kf6 51. Bg4 Kxe7 52.
Kc5 h5 53. Bxh5 a4 54. Bg4 a3 0-1

[Event "Eastpointe (MCO/1/2)"]
[Site "?"]
[Date "1995.??.??"]
[Round "?"]
[White "Marinelli, Philip"]
[Black "Rajlich, Vasik"]
[Result "0-1"]
[WhiteElo "1685"]
[BlackElo "2220"]
[PlyCount "38"]
[EventDate "1995.??.??"]

{1/(2)} 1. b4 e5 2. Bb2 Bxb4 3. Bxe5 Nf6 4. Nf3 Nc6 5. Bb2 O-O 6. e3 d5 7. Be2
Re8 8. O-O Bf5 9. d3 Qd6 10. a3 Ba5 11. Nbd2 Bb6 12. c3 Re6 13. c4 d4 14. Nh4
Bxd3 15. Bxd3 dxe3 16. Nb3 Rd8 17. Bf5 exf2+ 18. Kh1 Qxd1 19. Bxe6 Qxb3 0-1

[Event "Eastpointe (MCO/4/16)"]
[Site "?"]
[Date "1995.??.??"]
[Round "?"]
[White "Marinelli, Philip"]
[Black "Morabito, Matthew"]
[Result "0-1"]
[WhiteElo "1685"]
[BlackElo "1850"]
[PlyCount "86"]
[EventDate "1995.??.??"]

{4/(16)} 1. b4 Nf6 2. Bb2 g6 3. e3 Bg7 4. Nf3 O-O 5. Be2 a5 6. b5 b6 7. O-O Bb7
8. d3 c5 9. c4 d5 10. Nbd2 Nbd7 11. Qc2 Re8 12. d4 dxc4 13. Nxc4 Rc8 14. Rfd1
Qc7 15. Rac1 Ng4 16. h3 Ngf6 17. a4 Nd5 18. dxc5 Nxc5 19. Bxg7 Kxg7 20. Qb2+
Kg8 21. Nce5 Qb8 22. Ng4 h5 23. Nh6+ Kh7 24. Nxf7 Ne4 25. Bd3 Ndf6 26. N7e5
Red8 27. Nf7 Rxc1 28. Qxc1 Rc8 29. N7g5+ Nxg5 30. Nxg5+ Kh6 31. Nf7+ Kg7 32.
Bc4 Qc7 33. Nd8 Rxd8 34. Rxd8 Qxd8 35. Ba2 Qd6 36. f3 Bxf3 37. gxf3 Qg3+ 38.
Kh1 Qxh3+ 39. Kg1 Qg3+ 40. Kh1 Qxf3+ 41. Kg1 Ng4 42. Qd2 Qg3+ 43. Kh1 Nf2+ 0-1

[Event "Eastpointe (EDO/1/14)"]
[Site "?"]
[Date "1995.??.??"]
[Round "?"]
[White "Manus, J."]
[Black "al-Shareef, Robert"]
[Result "0-1"]
[WhiteElo "1605"]
[BlackElo "1630"]
[PlyCount "84"]
[EventDate "1995.??.??"]

{1/(14)} 1. e4 e5 2. Nf3 Nc6 3. Bc4 Nf6 4. O-O Bc5 5. Nc3 O-O 6. Re1 d6 7. d3
Ng4 8. Bg5 Nxf2 9. Bxd8 Nxd1+ 10. Kh1 Nf2+ 11. Kg1 Nxd3+ 12. Kf1 Nxe1 13. Rxe1
Nxd8 14. Nd5 Ne6 15. c3 Re8 16. b4 c6 17. Ne3 Bb6 18. Kg1 Nf4 19. h3 d5 20.
exd5 cxd5 21. Bb5 Re7 22. Kh1 a6 23. Ba4 Nd3 24. Rf1 Bxe3 25. Kh2 b5 26. Bb3 d4
27. Bd5 dxc3 28. Ne1 Nxe1 29. Rxe1 Bd2 30. Re2 Bb7 31. Bb3 Rd8 32. Bc2 Bf4+ 33.
Kg1 Rd2 34. Kf1 Rxe2 35. Kxe2 Rd7 36. Bd3 c2 37. Bxc2 Rd2+ 38. Ke1 Rxc2 39. Kf1
Bxg2+ 40. Kg1 Bxh3 41. a4 Bg3 42. a5 Rc1# 0-1

[Event "Troy (TCC/5/8)"]
[Site "?"]
[Date "1995.??.??"]
[Round "?"]
[White "Mankiewicz, Ryan"]
[Black "Ward, Tim"]
[Result "1-0"]
[WhiteElo "2000"]
[BlackElo "1970"]
[PlyCount "65"]
[EventDate "1995.??.??"]

{5/(8)} 1. g3 d5 2. d3 e6 3. Bg2 Nf6 4. f4 c5 5. Nf3 Nc6 6. O-O Bd6 7. Nbd2 O-O
8. e4 dxe4 9. dxe4 e5 10. Nc4 Bc7 11. Qxd8 Rxd8 12. Nfxe5 Nxe5 13. Nxe5 Bxe5
14. fxe5 Nd7 15. Bf4 Re8 16. Rad1 Nb6 17. b3 Be6 18. c4 Rad8 19. Be3 Nd7 20.
Rd6 Nxe5 21. Bxc5 b6 22. Ba3 Ng4 23. Rfd1 Rc8 24. Bc1 Ne5 25. Bf4 Bg4 26. R1d5
Ng6 27. e5 Nxf4 28. gxf4 f6 29. h3 Be6 30. Rd1 fxe5 31. Rxe6 Rxe6 32. Bd5 Kf7
33. f5 1-0

[Event "Troy (TCC/3/6)"]
[Site "?"]
[Date "1995.??.??"]
[Round "?"]
[White "Mankiewicz, Ryan"]
[Black "Turner, Keita"]
[Result "0-1"]
[WhiteElo "2000"]
[BlackElo "1900"]
[PlyCount "52"]
[EventDate "1995.??.??"]

{3/(6)} 1. e4 c5 2. c3 Nf6 3. e5 Nd5 4. d4 cxd4 5. Bc4 Nc7 6. cxd4 Nc6 7. f4 d6
8. d5 b5 9. dxc6 bxc4 10. Nf3 Bg4 11. O-O d5 12. Be3 e6 13. h3 Bxf3 14. Rxf3
Nb5 15. Qa4 d4 16. Qxc4 dxe3 17. Qxb5 Rb8 18. Qe2 Bc5 19. Kh2 O-O 20. Rg3 Qd4
21. Qg4 g6 22. Qg5 Rxb2 23. Rg4 e2 24. Nc3 Qxc3 25. Qh6 Bf2 26. h4 e1=Q 0-1

[Event "Eastpointe (MCO/2/16)"]
[Site "?"]
[Date "1995.??.??"]
[Round "?"]
[White "Mankiewicz, Ryan"]
[Black "Sattler, Peter"]
[Result "1-0"]
[WhiteElo "1995"]
[BlackElo "1725"]
[PlyCount "51"]
[EventDate "1995.??.??"]

{2/(16)} 1. e4 c5 2. c3 d6 3. d4 cxd4 4. cxd4 e6 5. Nc3 Nf6 6. Nf3 Be7 7. Bd3
Nbd7 8. Bf4 a6 9. O-O O-O 10. Qc2 h6 11. Rfd1 Nb6 12. Rac1 Bd7 13. Qe2 Rc8 14.
e5 Nfd5 15. Bd2 Bc6 16. Ne4 Qd7 17. exd6 Bxd6 18. Ne5 Bxe5 19. dxe5 Ne7 20.
Bxh6 Bxe4 21. Qxe4 Ng6 22. Be3 Nd5 23. h4 Rfd8 24. Rxc8 Rxc8 25. h5 Nxe3 26.
Qxe3 1-0

[Event "Troy (TCC/1/9)"]
[Site "?"]
[Date "1995.??.??"]
[Round "?"]
[White "Mankiewicz, Ryan"]
[Black "Gipson, John"]
[Result "0-1"]
[WhiteElo "2000"]
[BlackElo "1890"]
[PlyCount "98"]
[EventDate "1995.??.??"]

{1/(9)} 1. e4 e6 2. Nf3 d5 3. exd5 exd5 4. c4 Nf6 5. cxd5 Nxd5 6. Nc3 Be6 7.
Be2 Be7 8. O-O O-O 9. d4 Nd7 10. Nxd5 Bxd5 11. Bf4 Nf6 12. Rc1 c6 13. a3 a5 14.
Qd2 Re8 15. Rfd1 Qb6 16. Bd3 a4 17. Bc2 g6 18. Bb1 Rad8 19. Ne5 Nh5 20. Be3 Bf6
21. g4 Ng7 22. f4 Bb3 23. Rf1 Bxe5 24. fxe5 Qc7 25. Bg5 Rd7 26. Bf6 Qb6 27.
Rcd1 Bxd1 28. Rxd1 Ne6 29. Qb4 Qxb4 30. axb4 Rxd4 31. Rxd4 Nxd4 32. Kf2 Ra8 33.
Ke3 Ne6 34. Be7 a3 35. bxa3 Rxa3+ 36. Bd3 Rb3 37. h4 Nc7 38. Kd4 b5 39. Be2 Nd5
40. Bd6 Nxb4 41. g5 Nd5 42. Bg4 Rb1 43. e6 fxe6 44. Bxe6+ Kg7 45. Be5+ Kf8 46.
Bd6+ Ke8 47. Bg8 Rh1 48. Kc5 Rxh4 49. Kxc6 Ne7+ 0-1

[Event "East Lansing (Class A/3/8)"]
[Site "?"]
[Date "1995.??.??"]
[Round "?"]
[White "Mankiewicz, Ryan"]
[Black "Gaiefsky, Mike"]
[Result "1-0"]
[WhiteElo "1940"]
[BlackElo "1830"]
[PlyCount "87"]
[EventDate "1995.??.??"]

{3/(8)} 1. e4 g6 2. d4 Bg7 3. Nc3 d6 4. f4 Nf6 5. Nf3 O-O 6. h3 Nbd7 7. Be3 c5
8. Qd2 Qa5 9. g4 cxd4 10. Nxd4 Nc5 11. Bg2 Bd7 12. g5 Nh5 13. Bf3 e5 14. Nde2
Nxf4 15. Qxd6 Nfe6 16. a3 Bc6 17. b4 Qa6 18. b5 Qa5 19. Bxc5 Rfd8 20. Bb4 Qb6
21. Nd5 Qxb5 22. Nec3 Qa6 23. Be2 Rxd6 24. Bxa6 Rd7 25. Bc4 Nxg5 26. O-O-O Re8
27. h4 Ne6 28. Bb5 h5 29. Bxc6 bxc6 30. Nf6+ Bxf6 31. Rxd7 Bd8 32. Rxa7 Bb6 33.
Rb7 Be3+ 34. Kb2 c5 35. Nd5 cxb4 36. Nxe3 bxa3+ 37. Kxa3 Nc5 38. Rb4 Ra8+ 39.
Kb2 Na4+ 40. Kc1 Nc3 41. Kd2 Na2 42. Rb2 Rd8+ 43. Nd5 f5 44. Rxa2 1-0

[Event "Eastpointe (MCO/4/4)"]
[Site "?"]
[Date "1995.??.??"]
[Round "?"]
[White "Mankiewicz, Ryan"]
[Black "Brooks, John"]
[Result "0-1"]
[WhiteElo "1995"]
[BlackElo "2200"]
[PlyCount "86"]
[EventDate "1995.??.??"]

{4/(4)} 1. e4 e6 2. d4 c5 3. c3 d5 4. exd5 Qxd5 5. Nf3 Nc6 6. Be2 cxd4 7. cxd4
Nf6 8. O-O Bb4 9. Nc3 Qd6 10. Nb5 Qe7 11. a3 Bd6 12. Nxd6+ Qxd6 13. Be3 O-O 14.
Qd3 b6 15. Nd2 Bb7 16. Ne4 Nxe4 17. Qxe4 f5 18. Qh4 f4 19. Bd3 h6 20. Bc1 Nxd4
21. Rd1 Rad8 22. h3 e5 23. Bc4+ Kh8 24. Bd2 Qg6 25. Qg4 Qe4 26. Bb4 Bc8 27. Qh4
Qg6 28. Kh2 Rfe8 29. f3 Nxf3+ 30. gxf3 Qc2+ 31. Rd2 Rxd2+ 32. Bxd2 Qxd2+ 33.
Kh1 Bb7 34. Qh5 Rc8 35. Rg1 Qf2 36. Rf1 Qg3 37. Bd3 Rd8 38. Bc2 Bc6 39. Qxe5
Qxh3+ 40. Kg1 Qg3+ 41. Kh1 Bxf3+ 42. Rxf3 Qxf3+ 43. Kg1 Qe3+ 0-1

[Event "Eastpointe (MCO/6/8)"]
[Site "?"]
[Date "1995.??.??"]
[Round "?"]
[White "Mankiewicz, Ryan"]
[Black "Bailey, Greg"]
[Result "1/2-1/2"]
[WhiteElo "1995"]
[BlackElo "2065"]
[PlyCount "193"]
[EventDate "1995.??.??"]

{6/(8)} 1. e4 c6 2. d4 d5 3. exd5 cxd5 4. c4 Nf6 5. c5 b6 6. b4 bxc5 7. dxc5 e5
8. Qc2 Nc6 9. Nf3 e4 10. Bb5 Bd7 11. Bxc6 Bxc6 12. Nd4 Rc8 13. a4 Ba8 14. Ba3
a5 15. b5 Bxc5 16. Bxc5 Qc7 17. Nd2 Nd7 18. N2b3 Nxc5 19. Qxc5 Qxc5 20. Nxc5
Rxc5 21. Nb3 Rc2 22. Nxa5 d4 23. O-O Kd7 24. b6 Rb8 25. Rfb1 Bd5 26. Kf1 d3 27.
Rb5 Kd6 28. b7 f5 29. Ke1 f4 30. Rab1 e3 31. fxe3 fxe3 32. R5b2 Rxb2 33. Rxb2
Kc7 34. Rb4 Bxg2 35. Rf4 Bd5 36. Rd4 Bxb7 37. Nxb7 Rxb7 38. Rxd3 Rb1+ 39. Ke2
Rb2+ 40. Kxe3 Rxh2 41. Rd4 Kb6 42. Rg4 g6 43. Kf4 Rh5 44. Kf3 Rh3+ 45. Kf4 Rh5
46. Kf3 Rf5+ 47. Kg3 Ka5 48. Rh4 h5 49. Re4 g5 50. Kg2 Rd5 51. Kg3 Kb6 52. Re6+
Kc5 53. a5 Rd3+ 54. Kg2 Rd6 55. Re5+ Rd5 56. Re6 Kd4 57. a6 Ra5 58. Rg6 Ke4 59.
Rf6 Ke5 60. Rh6 h4 61. Kh3 Kf5 62. Rb6 Ra3+ 63. Kg2 Kg4 64. Rb4+ Kh5 65. Rb6
h3+ 66. Kh2 g4 67. Rf6 Kg5 68. Rb6 Ra2+ 69. Kh1 g3 70. Rb5+ Kf4 71. Rb4+ Ke5
72. Rb5+ Kd6 73. Rb6+ Kc5 74. Rb1 Rxa6 75. Rc1+ Kd4 76. Rd1+ Ke3 77. Re1+ Kf2
78. Rf1+ Ke3 79. Re1+ Kf4 80. Rf1+ Kg4 81. Rb1 Rf6 82. Rb4+ Rf4 83. Rb1 Re4 84.
Rg1 Kf3 85. Rf1+ Ke2 86. Rg1 Rg4 87. Ra1 Rd4 88. Ra2+ Rd2 89. Ra1 Rd1+ 90. Rxd1
Kxd1 91. Kg1 Ke2 92. Kh1 Kf3 93. Kg1 h2+ 94. Kh1 g2+ 95. Kxh2 Kf2 96. Kh3 g1=Q
97. Kh4 {Draw claimed by Mankiewicz as Baileys flag falls! This was the last
game to finish, both players having under 5 minutes from move 63.} 1/2-1/2

[Event "Detroit (MI Team/2/1/4)"]
[Site "?"]
[Date "1995.??.??"]
[Round "?"]
[White "Mankiewicz, Ryan"]
[Black "Bailey, Greg"]
[Result "1-0"]
[WhiteElo "1900"]
[BlackElo "2085"]
[PlyCount "55"]
[EventDate "1995.??.??"]

{2/1} 1. e4 c6 2. Nc3 d5 3. Nf3 dxe4 4. Nxe4 Bf5 5. Ng3 Bg6 6. h4 h6 7. Ne5 Bh7
8. Qh5 g6 9. Bc4 e6 10. Qe2 Qe7 11. d4 f6 12. Nd3 Kf7 13. Nc5 Nd7 14. Bxe6+ Kg7
15. Bxd7 Qd6 16. Bf4 Qd5 17. c4 Qxg2 18. Bh3 Qxh1+ 19. Nxh1 g5 20. Ne6+ Kf7 21.
hxg5 Bb4+ 22. Kf1 hxg5 23. Nxg5+ fxg5 24. Qe6+ Kf8 25. Bd6+ Bxd6 26. Qxd6+ Ne7
27. Qf6+ Kg8 28. Be6# 1-0

[Event "East Lansing (MI Op/4/27)"]
[Site "?"]
[Date "1995.??.??"]
[Round "?"]
[White "Manion, Tom"]
[Black "Skidmore, Mike"]
[Result "0-1"]
[WhiteElo "1830"]
[BlackElo "1955"]
[PlyCount "98"]
[EventDate "1995.??.??"]

{4/(27)} 1. c3 d5 2. Nf3 Nf6 3. g3 Bg4 4. Ne5 c6 5. d4 Qc8 6. h3 Bh5 7. Bf4
Nbd7 8. Bg2 Nxe5 9. dxe5 Nd7 10. Nd2 e6 11. g4 Bg6 12. e4 Nc5 13. Qe2 dxe4 14.
Nxe4 Bxe4 15. Bxe4 Nxe4 16. Qxe4 Qc7 17. O-O-O Be7 18. Be3 O-O 19. f4 Rfd8 20.
f5 Qa5 21. Kb1 Rd5 22. fxe6 fxe6 23. Rxd5 Qxd5 24. Qxd5 exd5 25. Rf1 a6 26. e6
Rf8 27. Rf4 Bd6 28. Rf5 Re8 29. Kc1 Rxe6 30. Kd2 g6 31. Rf1 c5 32. Kd3 Kg7 33.
Bg5 h6 34. Be3 Be7 35. Kd2 b6 36. Re1 Re4 37. Rf1 b5 38. b3 Re6 39. Re1 Kf7 40.
Rf1+ Ke8 41. Bxh6 g5 42. Bg7 Bd6 43. Rf5 Bf4+ 44. Kd1 d4 45. h4 d3 46. hxg5 Re4
47. Bf6 d2 48. Kc2 Re1 49. Re5+ Kf7 0-1

[Event "East Lansing (MI Op/6/32)"]
[Site "?"]
[Date "1995.??.??"]
[Round "?"]
[White "Manion, Tom"]
[Black "Croel, Duane"]
[Result "1-0"]
[WhiteElo "1835"]
[BlackElo "1835"]
[PlyCount "46"]
[EventDate "1995.??.??"]

{6/(32)} 1. e4 c6 2. d3 d5 3. e5 e6 4. Nf3 Nd7 5. Bg5 Be7 6. Bxe7 Nxe7 7. Qe2
Qb6 8. c3 Ng6 9. g3 c5 10. b3 Qc7 11. d4 b6 12. Bg2 Bb7 13. Na3 a6 14. O-O O-O
15. Nd2 cxd4 16. cxd4 Qc3 17. Nf3 Rac8 18. Qd2 Qxd2 19. Nxd2 Rc3 20. Rad1 Rfc8
21. Nac4 dxc4 22. Bxb7 cxb3 23. Bxa6 bxa2 1-0

[Event "Troy (TCC Res/1/10)"]
[Site "?"]
[Date "1995.??.??"]
[Round "?"]
[White "Mailing, Don"]
[Black "al-Shareef, Robert"]
[Result "0-1"]
[WhiteElo "1605"]
[BlackElo "1645"]
[PlyCount "102"]
[EventDate "1995.??.??"]

{1/(10)} 1. e4 c5 2. Nf3 d6 3. d4 cxd4 4. Nxd4 Nf6 5. Nc3 g6 6. Be2 Bg7 7. Be3
Nc6 8. Nb3 O-O 9. O-O Be6 10. Qd2 a6 11. Rab1 Rb8 12. a3 Ng4 13. Bxg4 Bxg4 14.
Nd4 Ne5 15. b3 Bd7 16. h3 Rc8 17. Rfd1 b5 18. f4 Nc6 19. Nce2 Qc7 20. f5 Nxd4
21. Nxd4 Qc3 22. Rbc1 Rfd8 23. Ne2 Qc6 24. fxg6 hxg6 25. Qd3 Bb2 26. Rb1 Qxc2
27. Qxc2 Rxc2 28. Rd2 Rxd2 29. Bxd2 Bxa3 30. b4 Rc8 31. Rb3 Rc2 32. Rd3 Bxb4
33. Bxb4 Rxe2 34. Rd4 Bc6 35. e5 Rxg2+ 36. Kf1 dxe5 37. Rd8+ Kg7 38. Bxe7 Rh2
39. h4 f6 40. Rd6 Kf7 41. Rxf6+ Kxe7 42. Rxc6 a5 43. Rxg6 Rxh4 44. Rb6 Rb4 45.
Ke2 a4 46. Ra6 Kd7 47. Kd3 e4+ 48. Ke3 Kc7 49. Re6 a3 50. Ra6 Ra4 51. Rg6 a2
0-1

[Event "Troy (TCC Res/3/10)"]
[Site "?"]
[Date "1995.??.??"]
[Round "?"]
[White "Mailing, Don"]
[Black "Stemmler, Daniel"]
[Result "1/2-1/2"]
[WhiteElo "1605"]
[BlackElo "1690"]
[PlyCount "76"]
[EventDate "1995.??.??"]

{3/(10)} 1. e4 c5 2. Nf3 g6 3. d4 cxd4 4. Nxd4 Bg7 5. Be3 Nf6 6. Nc3 d6 7. Be2
O-O 8. h3 Nbd7 9. Qd2 Nc5 10. Bd3 a6 11. Nb3 Nxb3 12. axb3 Ne8 13. Bh6 f5 14.
Bxg7 Kxg7 15. exf5 Bxf5 16. O-O Bd7 17. Bc4 Bc6 18. Rfe1 e5 19. Nd5 Nf6 20.
Rad1 Nxd5 21. Bxd5 Qf6 22. Re2 Rad8 23. Bxc6 bxc6 24. Qe3 Ra8 25. Qb6 d5 26.
Qb7+ Kg8 27. Qb4 a5 28. Qc5 a4 29. bxa4 Rxa4 30. b4 e4 31. Rde1 e3 32. Qxe3
Rxb4 33. Qe6+ Qxe6 34. Rxe6 Rc4 35. R1e2 Kg7 36. Re7+ Rf7 37. R7e6 Rb7 38. Kh2
Rb2 {[Remainder illegible; 1/2-1/2, 53?]} 1/2-1/2